Financial Literacy of Students in Chosen Universities – Research Platform for Regulatory Processes of Educational System in Slovakia
Úroveň finančnej gramotnosti medzi vybranými fakultami ekonomiky na Slovensku. Porovnanie úrovne finančnej gramotnosti na vstupnej a výstupnej úrovni, tj. medzi študentmi vysokých škôl na začiatku bakalárskeho štúdia a študentov vysokých škôl, ktorí sú v konečnej fáze svojej magisterskej štúdie aj n...
Saved in:
| Main Author: | |
|---|---|
| Other Authors: | , , , |
| Format: | Book Chapter |
| Language: | English |
| Subjects: | |
| Tags: |
No Tags, Be the first to tag this record!
|
MARC
| LEADER | 00000naa a2200000 4500 | ||
|---|---|---|---|
| 001 | 0242790 | ||
| 005 | 20220719115456.4 | ||
| 041 | 0 | |a eng | |
| 044 | |a CZ | ||
| 245 | 1 | 0 | |a Financial Literacy of Students in Chosen Universities – Research Platform for Regulatory Processes of Educational System in Slovakia |c Matúš Kubák, Andrea Tkáčová, Armenia Androniceanu, Manuela Tvaronavočiené, Eva Huculova |
| 520 | |a Úroveň finančnej gramotnosti medzi vybranými fakultami ekonomiky na Slovensku. Porovnanie úrovne finančnej gramotnosti na vstupnej a výstupnej úrovni, tj. medzi študentmi vysokých škôl na začiatku bakalárskeho štúdia a študentov vysokých škôl, ktorí sú v konečnej fáze svojej magisterskej štúdie aj na základe praktických príkladov. | ||
| 610 | 2 | 0 | |a Slovensko |
| 610 | 2 | 0 | |a gramotnosť finančná |
| 610 | 2 | 0 | |a študenti |
| 610 | 2 | 0 | |a odbory študijné |
| 610 | 2 | 0 | |a ekonómia |
| 610 | 2 | 0 | |a univerzity |
| 610 | 2 | 0 | |a porovnanie štatistické |
| 100 | 1 | |a Kubák, Matúš | |
| 700 | 1 | |a Tkáčová, Andrea | |
| 700 | 1 | |a Androniceanu, Armenia | |
| 700 | 1 | |a Tvaronavočiené, Manuela | |
| 700 | 1 | |a Huculova, Eva | |